000 00397nam a2200133Ia 4500
008 220217s9999||||xx |||||||||||||| ||und||
020 _a81-7722-030-6
082 _a004.62 GAR
100 _aGarbus, Jeffrey Pascuzzi, David & Chang, Albin
_91339
245 0 _aMCSE database design on SQL server. 7
260 _aIDG books
_bNew Delhi
_c2000
300 _b160
650 _aPROGRAMMING LANGUAGE
999 _c166238
_d166238